000 00657nam a22001577a 4500
999 _c59543
_d59543
003 Ge_BSU
005 20230313112832.0
008 230313s2007 ge ||||| |||| 00| 0 geo d
041 _ageo
080 _a342(479.22) ს-32
245 _aსაქართველოს კონსტიტუცია /
_b[მიღებულია 1995 წლის 24 აგვისტოს].
264 _aთბილისი:
_bახალგაზრდა იურისტთა ასოციაცია,
_c2007.
300 _a80 გვ. ;
_b15 სმ.
653 _aსაქართველოს კონსტიტუცია
942 _2udc
_cBK